000 00380nam a22001097a 4500
082 _a800
100 _aगांयनका, कमल किशोर
_978270
245 _aमॉरिशस हिन्‍दी साहित्‍य
260 _aदिल्‍ली
_bस्‍वराज प्रकाशन
_c2020
650 _aसाहित्‍य
942 _cHIN
999 _c68274
_d68274